[Event "Chess House 2012"]
[Site "?"]
[Date "2012.07.14"]
[Round "7.10"]
[White "Hagesæther, 2278, Halvard"]
[Black "Jacobsen, 2302, Bo"]
[Result "0-1"]
[LiveChessVersion "1.3.1"]
[BlackElo "2302"]
[WhiteElo "2278"]

1. e4 {[%clk 1:30:56]} e5 {[%clk 1:30:55]} 2. f4 {[%clk 1:31:21]} exf4
{[%clk 1:29:16]} 3. Bc4 {[%clk 1:31:46]} Ne7 {[%clk 1:26:27]} 4. Nc3
{[%clk 1:28:05]} c6 {[%clk 1:25:31]} 5. Bb3 {[%clk 1:21:17]} d5 {[%clk 1:21:46]}
6. exd5 {[%clk 1:21:34]} Nxd5 {[%clk 1:22:09]} 7. Nxd5 {[%clk 1:20:14]} cxd5
{[%clk 1:22:32]} 8. Nf3 {[%clk 1:16:14]} Be6 {[%clk 1:19:58]} 9. d4
{[%clk 1:08:43]} Bd6 {[%clk 1:17:38]} 10. O-O {[%clk 1:04:45]} Nc6
{[%clk 1:13:29]} 11. c3 {[%clk 0:51:05]} h6 {[%clk 1:01:38]} 12. Qe2
{[%clk 0:49:43]} O-O {[%clk 0:56:57]} 13. Bd2 {[%clk 0:33:58]} g5
{[%clk 0:52:56]} 14. Rae1 {[%clk 0:32:35]} Re8 {[%clk 0:49:57]} 15. Qd3
{[%clk 0:29:33]} a6 {[%clk 0:42:04]} 16. Bc2 {[%clk 0:27:45]} Qf6
{[%clk 0:41:20]} 17. c4 {[%clk 0:21:03]} Bb4 {[%clk 0:32:01]} 18. b3
{[%clk 0:11:37]} Bxd2 {[%clk 0:30:35]} 19. Qxd2 {[%clk 0:12:05]} Rad8
{[%clk 0:29:48]} 20. c5 {[%clk 0:12:07]} Bg4 {[%clk 0:26:44]} 21. Ne5
{[%clk 0:09:59]} Nxe5 {[%clk 0:25:21]} 22. dxe5 {[%clk 0:10:24]} Rxe5
{[%clk 0:25:45]} 23. Rxe5 {[%clk 0:10:38]} Qxe5 {[%clk 0:26:05]} 24. Re1
{[%clk 0:11:04]} Qf6 {[%clk 0:26:09]} 25. Qd3 {[%clk 0:11:11]} Bh5
{[%clk 0:23:44]} 26. Qh7+ {[%clk 0:05:50]} Kf8 {[%clk 0:24:11]} 27. b4
{[%clk 0:06:10]} Re8 {[%clk 0:20:28]} 28. Rxe8+ {[%clk 0:05:21]} Kxe8
{[%clk 0:20:48]} 29. Qg8+ {[%clk 0:04:51]} Ke7 {[%clk 0:20:45]} 30. Qb8
{[%clk 0:04:48]} f3 {[%clk 0:13:10]} 31. gxf3 {[%clk 0:03:08]} Bxf3
{[%clk 0:12:57]} 32. Qxb7+ {[%clk 0:02:59]} Kf8 {[%clk 0:13:18]} 33. Qc8+
{[%clk 0:03:22]} Kg7 {[%clk 0:13:19]} 34. Qf5 {[%clk 0:03:47]} Qd4+
{[%clk 0:03:32]} 35. Kf1 {[%clk 0:04:10]} Be4 {[%clk 0:03:34]} 36. Bxe4
{[%clk 0:02:34]} dxe4 {[%clk 0:04:02]} 37. Kg2 {[%clk 0:02:34]} Qd2+
{[%clk 0:01:45]} 38. Kg3 {[%clk 0:02:53]} Qxb4 {[%clk 0:01:31]} 39. Qe5+
{[%clk 0:02:53]} Kg6 {[%clk 0:01:52]} 40. Qd6+ {[%clk 0:03:04]} f6
{[%clk 0:00:55]} 41. Qd5 {[%clk 0:00:33]} Qc3+ {[%clk 0:01:01]} 42. Kg2
{[%clk 0:30:43]} Qf3+ {[%clk 0:20:33]} 43. Kg1 {[%clk 0:31:03]} Qg4+
{[%clk 0:19:06]} 44. Kh1 {[%clk 0:28:33]} Qf5 {[%clk 0:15:47]} 45. Qc4
{[%clk 0:28:36]} e3 {[%clk 0:13:59]} 46. Qg8+ {[%clk 0:28:29]} Kh5
{[%clk 0:13:53]} 47. Qe8+ {[%clk 0:28:55]} Kg4 {[%clk 0:11:56]} 48. h3+
{[%clk 0:27:29]} Kf3 {[%clk 0:10:03]} 49. Qc6+ {[%clk 0:26:47]} Qe4
{[%clk 0:10:12]} 50. Qxf6+ {[%clk 0:27:04]} Kg3+ {[%clk 0:10:24]} 51. Kg1
{[%clk 0:27:32]} Qg2# {[%clk 0:10:37]} 0-1